| 000 | 00849nam a2200241Ia 4500 | ||
|---|---|---|---|
| 001 | 16710 | ||
| 003 | GE_BSU | ||
| 008 | 181216s||||||||xx |||||||||||||| ||und|| | ||
| 040 | _cGE_BSU | ||
| 080 | _a39 + 821.161.1-32 | ||
| 100 | _aიტსი, რუდოლფ | ||
| 245 | _aლოტოსის ყვავილი | ||
| 245 | _bეთნოგრაფის ნაამბობი | ||
| 245 | _cრედ.გ.კუბლაშვილი. მხ.თ.კარბელაშვილი | ||
| 260 | _aთბილისი | ||
| 260 | _bსაბჭ. საქართველო | ||
| 260 | _c1965 | ||
| 300 | _a139გვ. ; 20სმ | ||
| 653 | _aეთნოგრაფია | ||
| 653 | _aეთნოგრაფის ნაამბობი | ||
| 653 | _aლოტოსის ყვავილი | ||
| 942 | _cBK | ||
| 999 |
_c49775 _d49775 |
||